000
00342nam a2200133Ia 4500
008
240624s9999 xx 000 0 und d
041
_a
eng
082
_a
650.13 LLO
100
_a
LLOYD KEN
245
_a
HOW TO DEAL WITH PEOPLE PROBLEMS AND PRO
260
_c
2001
_a
Mumbai
_b
Jaico Publishing House
300
_a
255 : p. : cm. ; 24
365
_c
RS
999
_c
773
_d
773